000 00480nam a2200169 a 4500
001 000006868
005 20250609133711.0
008 090903s2006 dr 000 0 spa d
020 _a9945130269
040 _aDO-SdBNP
_bspa
_cBNPHU
082 _a398.961
_bF842c
245 0 0 _aFrases célebres para reflexionar /.
260 _aSanto Domingo :
_bFénix,
_c2006.
300 _a72 p. ;
_c13 cm.
650 4 _aEspañol
_xPalabras y frases
_97109
650 0 _xAforismos y apotegmas
_983268
999 _c6656
_d6656